| 000 | 00648nam a2200205 a 4500 | ||
|---|---|---|---|
| 005 | 20140310183500.0 | ||
| 008 | 100223s19uu xx 00 eng d | ||
| 020 | _a9780323057011 | ||
| 050 |
_aRC 954 _b.G455 2010 |
||
| 100 | _aTouhy, Theris A. | ||
| 245 |
_aEbersole and hess' gerontological nursing healthy aging. / _cTheris A. Touhy, Kathleen F. Jett. |
||
| 250 | _a3rd. ed. | ||
| 260 |
_aCanada : _bElsevier, _c2010. |
||
| 300 |
_a483 p. : _bill. col. ; _c24 cm. |
||
| 521 | _aNUR | ||
| 650 | _aGeriatric nursing. 2. Aging. 3. Older people-Health and hygiene. | ||
| 700 | _aJett, Kathleen F. | ||
| 942 |
_cBK _2lcc _kFOR |
||
| 999 |
_c23879 _d23879 |
||